| 000 | 01033cam a22001934a 4500 | ||
|---|---|---|---|
| 005 | 20250605164359.0 | ||
| 008 | 250528s ||||||||||||||||||||||||d | ||
| 035 | _a24477 | ||
| 040 |
_aGR-AtMCL _bgre _dGR-AtMCL _eAACR2 |
||
| 245 | 1 | _aΠοιά να Συγκριθεί Μαζί σου | |
| 260 | _c2015 | ||
| 300 | _a50 | ||
| 520 | _aΠρωτοβουλία για τα Ψηφιακά Μέσα και με Κορυφαίους Ευρωπαίους Εκδότες, Η Νέα 3η Εποχή στις Συναλλαγές, Τελικά τι Παίζει Ένα Post Viral;, Νεανική Δημιουργικότητα με Χρώμα και Τόλμη, Καινοτομία και Ανάπτυξη για το Ελληνικό Design, 'Πύρρειος Νίκη' για τα Επόμενα Brands Έναντι των Private Label, Τα Ίδια Παντελάκη μου...;. | ||
| 700 | 1 |
_aΚορδελάς Δημήτρης _99464 |
|
| 942 | _cCR | ||
| 710 | 2 |
_aThe Marketing Week _99825 |
|
| 999 |
_c9356 _d9356 |
||